000 00326nam a2200121Ia 4500
003 GCL
008 140319s9999 xx 000 0 eng d
040 _aGCL /
_cGCL
082 0 4 _a672.36
_bB P
245 1 0 _aPrinuples Of The Austenitization Of Steels
260 _a[S.N] :
_bMacmillan Publishing Company ،
_c1992
300 _a217 P
999 _c17693
_d17693